Tratado del juicio de amparo conforme a las sentencias de los tribunales federales /

Obra dividida en tres partes: La primera se centra en los orígenes y el desenvolvimiento histórico de dicha figura en el marco del derecho constitucional. Viene luego el estudio de los actos que sirven de materia al juicio de amparo. Por último, se estudia la forma del juicio.

Guardado en:
Detalles Bibliográficos
Autor principal: Moreno Cora, Silvestre (autor)
Formato: Libro
Idioma:Español
Temas:
Etiquetas: Agrega una etiqueta
Sin etiquetas, Sé el primero en etiquetar este registro!

MARC

LEADER 00000nam^a2200000^a^4500
001 000037551
005 20250521000000.0
009 20260310085430.087
037 |a Acervo ITESO - Biblioteca 
041 |a ESP 
082 |a 342. 085  |b MOR V. 1 
100 |a Moreno Cora, Silvestre  |e (autor) 
245 1 0 |a Tratado del juicio de amparo conforme a las sentencias de los tribunales federales /  |c S. Moreno Cora; introd. de: Saturnino Agüero Aguirre. 
264 |a México :  |b La Europea,  |c 1902 
300 |a 2 v. 
336 |a texto  |b txt  |2 rdacontenido 
337 |a sin mediación  |b n  |2 rdamedio 
338 |a volumen  |b nc  |2 rdasoporte 
520 |a Obra dividida en tres partes: La primera se centra en los orígenes y el desenvolvimiento histórico de dicha figura en el marco del derecho constitucional. Viene luego el estudio de los actos que sirven de materia al juicio de amparo. Por último, se estudia la forma del juicio. 
649 |a XX 
650 |a Derecho Público 
650 |a Amparo 
650 |a Amparo -  |z México 
910 |a Fondo General 
920 |a Impresos - Libros 
930 |a Colección General 
905 |a 101 
901 |a 0375510100  |b IT1  |c ACC  |i 037551  |u 20250521 
902 |a https://opac.biblio.iteso.mx/vufind/Record/000037551